003010000a2200145000450000500170000024500260001725000070004326000250005030000100007504000080008536500090009365000110010265000190011365000230013220120302055048.0 a Dnyanadevi:Addhaya-1 a 2 aPune:Suvichaara,1976 a236p. aMAR b10/- aDharma aSant Vangamaya aDnyaneshwari-Gadya